[Event "Foment Martinenc op-B 22nd"]
[Site "Barcelona"]
[Date "2022.05.14"]
[Round "4"]
[White "Gomez Sanchez, Javier"]
[Black "Cavalle Sanchez, Arnau"]
[Result "0-1"]
[WhiteElo "1433"]
[BlackElo "1444"]
[PlyCount "47"]
[EventDate "2022.04.23"]
[EventType "swiss"]
[EventRounds "9"]
[EventCountry "ESP"]
[SourceTitle "EXT 2023"]
[Source "ChessBase"]
[SourceDate "2022.10.05"]
[SourceVersion "1"]
[SourceVersionDate "2022.10.05"]
[SourceQuality "1"]

1. e4 c6 2. d4 d5 3. e5 Bf5 4. Nc3 e6 5. h4 h5 6. Nf3 Nd7 7. Bd3 Nh6 8. Ng5 Bxd3 9. Qxd3 c5 10. Nxe6 fxe6 11. Qg6+ Nf7 12. Qxe6+ Be7 13. Qxd5 Nb6 14. Qxb7 0-0 15. dxc5 Bxc5 16. Ne4 Bd4 17. e6 Nd6 18. Nxd6 Bxf2+ 19. Kf1 Qxd6 20. Bg5 Bc5+ 21. Ke2 Rf2+ 22. Ke1 Qe5+ 23. Kd1 Qe2+ 24. Kc1 0-1

[Event "Maresme op 16th"]
[Site "Maresme"]
[Date "2019.10.05"]
[Round "2"]
[White "Rodoreda Pares, Marc"]
[Black "Cavalle Sanchez, Arnau"]
[Result "1-0"]
[WhiteElo "1493"]
[BlackElo "1183"]
[PlyCount "111"]
[EventDate "2019.09.29"]
[EventType "swiss"]
[EventRounds "8"]
[EventCountry "ESP"]
[SourceTitle "CBM 193 Extra"]
[Source "ChessBase"]
[SourceDate "2020.01.31"]
[SourceVersion "1"]
[SourceVersionDate "2020.01.31"]
[SourceQuality "1"]

1. e4 e5 2. Nf3 Nf6 3. Nxe5 d6 4. Nf3 Nxe4 5. d4 Nf6 6. Bg5 c6 7. Be2 Be7 8. 0-0 d5 9. c4 Be6 10. cxd5 cxd5 11. Nc3 0-0 12. Re1 Nc6 13. Rc1 Re8 14. Bb5 a6 15. Ba4 Qb6 16. Qb3 Qxb3 17. Bxb3 Nb4 18. Rcd1 Rad8 19. a3 Nc6 20. h3 Na5 21. Nd2 Nxb3 22. Nxb3 h6 23. Bf4 Bd7 24. Nc5 Bf5 25. Nxb7 Rb8 26. Bxb8 Rxb8 27. Rxe7 Kf8 28. Re5 Bxh3 29. gxh3 Rxb7 30. Nxd5 Nd7 31. Re2 Rb5 32. Nc7 Rg5+ 33. Kf1 Nf6 34. d5 Kg8 35. d6 Nh5 36. d7 Nf4 37. Re8+ Kh7 38. d8Q Rg2 39. Rh8+ Kg6 40. Qd6+ Kf5 41. Qxf4+ Kxf4 42. Kxg2 f5 43. Nxa6 g5 44. Rxh6 g4 45. hxg4 fxg4 46. Rh4 Kg5 47. Kg3 Kf5 48. Rxg4 Ke5 49. Rdd4 Kf5 50. Rd5+ Kf6 51. Rgg5 Ke6 52. Rb5 Kf6 53. Kf4 Kf7 54. Rb6 Ke7 55. Rg7+ Kf8 56. Rbb7 1-0